Statistics for All Lecrae Songs

Click here to take the quiz!

General Stats

  • This quiz has been taken 15 times
    (14 since last reset)
  • The average score is 64 of 214

Answer Stats

AlbumSong% Correct
All Things Work TogetherI'll Find You
77%
AnomalyAnomaly
69%
All Things Work TogetherBlessings
69%
Church ClothesChurch Clothes
69%
RestorationDeep End
69%
GravityGravity
69%
RestorationOver the Top
69%
GravityTell the World
69%
AnomalyAll I Need Is You
62%
RehabBackground
62%
RestorationDrown
62%
Let the Trap Say AmenGet Back Right
62%
All Things Work TogetherHammer Time
62%
RestorationSet Me Free
62%
RestorationWheels Up
62%
RestorationZombie
62%
All Things Work TogetherBroke
54%
All Things Work TogetherFacts
54%
Church ClothesMisconception
54%
GravityMisconception (DJ Official Remix)
54%
Church Clothes, Vol. 2Misconception Pt. 2
54%
AnomalyNuthin'
54%
AnomalyOutsiders
54%
Marvel's Spider-Man: Miles MoralesThis Is My Time
54%
All Things Work Together8:28
46%
Rehab: The OverdoseBlow Your High
46%
Summer EighteenComing in Hot
46%
GravityConfe$$ions
46%
Church Clothes 3Deja Vu
46%
AnomalyDirty Water
46%
Let the Trap Say AmenHoly Water
46%
Church Clothes, Vol. 2I'm Turnt
46%
After the Music StopsJesus Muzik
46%
GravityPower Trip
46%
RebelRebel Intro
46%
RestorationRestore Me
46%
AnomalySay I Won't
46%
RestorationStill
46%
GravityThe Drop (Intro)
46%
All Things Work TogetherWhatchu Mean
46%
Marvel's Spider-Man: Miles MoralesWhere We Come From
46%
AnomalyWish
46%
Let the Trap Say AmenYet
46%
After the Music StopsAfter the Music Stops
38%
Church ClothesAPB
38%
Church Clothes 3Cruising
38%
All Things Work TogetherCry for You
38%
RebelDon't Waste Your Life
38%
AnomalyFear
38%
RehabHallelujah
38%
After the Music StopsI Did It for You
38%
Church Clothes 3I Wouldn't Know
38%
RehabJust Like You
38%
RestorationKeep Going
38%
Real TalkNothin'
38%
RestorationNothing Left to Hide
38%
Let the Trap Say AmenPreach
38%
The Shack: Music From and Inspired by the Original Motion PictureRiver of Jordan
38%
RestorationSaturday Night
38%
RestorationSelf Discovery
38%
Church Clothes 3Sidelines
38%
RestorationSunday Morning
38%
AnomalyWelcome to America
38%
All Things Work TogetherWorth It
38%
Let the Trap Say Amen2 Sides of the Game
31%
Let the Trap Say AmenBlue Strips
31%
RebelBreathin' to Death
31%
RehabChildren of the Light
31%
After the Music StopsDeath Story
31%
GravityFallin' Down
31%
Let the Trap Say AmenFly Away
31%
AnomalyGive In
31%
RebelGo Hard
31%
AnomalyGood, Bad, Ugly
31%
RebelGot Paper
31%
Let the Trap Say AmenI Can't Lose
31%
Church Clothes, Vol. 2If I Die Tonight
31%
After the Music StopsJump
31%
RehabKilla
31%
Church Clothes, Vol. 2Lost My Way
31%
GravityLucky Ones
31%
GravityMayday
31%
AnomalyMessengers
31%
Rehab: The OverdoseMore
31%
Church Clothes, Vol. 2My Whole Life Changed
31%
RestorationOnly Human
31%
Let the Trap Say AmenPlugged In
31%
After the Music StopsPray for You
31%
After the Music StopsRun
31%
Church ClothesSpazz
31%
Real TalkTake Me As I Am
31%
Real TalkTha Church
31%
Church Clothes, Vol. 2The Fever
31%
After the Music StopsThe King
31%
After the Music StopsThe Truth
31%
RebelTruth
31%
After the Music StopsUnashamed
31%
GravityViolence
31%
All Things Work TogetherWish You the Best
31%
Rehab40 Deep
23%
Real TalkAliens
23%
All Things Work TogetherAlways Knew
23%
Rehab: The OverdoseAnger Management
23%
Rehab: The OverdoseBattle Song
23%
RebelBeautiful Feet
23%
Church Clothes, Vol. 2Believe
23%
RehabBoasting
23%
AnomalyBroken
23%
GravityButtons
23%
Let the Trap Say AmenBy Chance
23%
Church Clothes 3Can't Do You
23%
All Things Work TogetherCan't Stop Me Now (Destination)
23%
Rehab: The OverdoseChase That (Ambition)
23%
RehabCheck In
23%
Church ClothesCo-Sign
23%
Church Clothes, Vol. 2Co-Sign Pt. 2
23%
RehabDivine Intervention
23%
After the Music StopsEl Shaddai
23%
RebelFall Back
23%
Church Clothes, Vol. 2Finer Things
23%
Church Clothes 3Freedom
23%
GravityFree From It All
23%
GravityFuego
23%
Church Clothes 3Gangland
23%
After the Music StopsGet Low
23%
RehabGod Is Enough
23%
After the Music StopsGrateful
23%
Single #3Hands High
23%
Church Clothes, Vol. 2Hang On
23%
RehabHigh
23%
RebelIdentity
23%
GravityI Know
23%
GravityI Know (Tha Kracken Remix)
23%
After the Music StopsInvisible
23%
Church Clothes 3It Is What It Is
23%
Church Clothes, Vol. 2Let It Whip
23%
All Things Work TogetherLucked Up
23%
Church Clothes 3Misconceptions 3
23%
RehabNew Reality
23%
Church Clothes | GravityNo Regrets
23%
Let the Trap Say AmenOnly God Can Judge Me
23%
RehabRelease Date
23%
Real TalkRepresent
23%
Church Clothes, Vol. 2Round of Applause
23%
AnomalyRunners
23%
Church Clothes, Vol. 2Sell Out
23%
After the Music StopsSend Me
23%
Real TalkSouled Out
23%
Let the Trap Say AmenSwitch
23%
Real TalkThe Line
23%
AnomalyTimepiece
23%
GravityWalk with Me
23%
Single #41 Life Dream
15%
Single #6Amp It Up
15%
SingleBeyond Belief
15%
Church ClothesBlack Rose
15%
Church Clothes, Vol. 2Bun B Speaks
15%
Let the Trap Say AmenCan't Book It
15%
Single #2Catch the Wave
15%
RebelChange
15%
Rehab: The OverdoseChase That Intro
15%
All Things Work TogetherCome and Get Me
15%
Real TalkCrossover
15%
Church ClothesDarkest Hour
15%
RebelDesperate
15%
Church Clothes, Vol. 2Devil in Disguise
15%
GravityFakin'
15%
Single #5Far Away
15%
RehabFinally Free
15%
Church Clothes 3Forever
15%
Single #7Game On
15%
Church ClothesGimme a Second
15%
Rehab: The OverdoseGoing In
15%
RehabGotta Know
15%
Church Clothes, Vol. 2Hands Up
15%
Real TalkHeaven or Hell
15%
GravityHigher
15%
RehabHope
15%
RehabI Love You
15%
RebelI'm a Saint
15%
Single #8I'm Rooted
15%
RebelIndwelling Sun
15%
Church ClothesInspiration
15%
After the Music StopsIt's Your World
15%
RehabJesus Muzik (Dubstep Remix)
15%
After the Music StopsKing Intro
15%
Rehab: The OverdoseLike That
15%
RebelLive Free
15%
Church ClothesLong Time Coming
15%
GravityLord Have Mercy
15%
RehabNew Shalom
15%
After the Music StopsNobody
15%
Rehab: The OverdoseOverdose
15%
Real TalkReal Talk Interlude
15%
Church ClothesRejects
15%
Real TalkRepresent (Chopped and Screwed)
15%
Church ClothesRise
15%
Church ClothesSacrifice
15%
Church ClothesSpecial
15%
Rehab: The OverdoseStrung Out
15%
RebelThe Bride
15%
Rehab: The OverdoseThe Good Life
15%
Church ClothesThe Price of Life
15%
RehabUsed to Do It Too
15%
Real TalkWait
15%
Real TalkWait Intro
15%
RehabWalking on Water
15%
Church Clothes, Vol. 2Was It Worth It
15%
Real TalkWe Don't
15%
Church ClothesWelcome to H-Town
15%
Real TalkWho You Wit
15%
RehabWish It Wasn't True
15%
Real TalkYou're Faithful (To Me)
15%

Score Distribution

Percentile by Number Answered

Percent of People with Each Score

Your Score History

You have not taken this quiz since the last reset